00431 2200169 4500001002100000005001500021035002000036007000300056008004100059020002200100082001100122084001700133100002500150245002000175260003100195300003500226INLIS00000000000034520260121094151 a0010-0126000038ta260121 0 ind  a978-623-522-644-6 a647.94 a647.94 SUP f0 aSuparni, nyoman aris1 aFront Office XI aJakarta :bErlangga,c2024 aix + 225 hlm. ;c17,5 x 25 cm.